Stati per popolazione - 2040 - Statistics

Statistiche generali
  • Questo quiz è stato fatto 21 volte
  • Il punteggio medio è 9 su 10
Statistiche sulle risposte
Popolazione (ab.) Continente Nazione % Corretto
236 077 000 America del Sud Brasile
100%
1 428 383 000 Asia Cina
100%
1 571 716 000 Asia India
100%
380 220 000 America del Nord Stati Uniti
100%
196 224 000 Asia Bangladesh
95%
314 085 000 Asia Indonesia
95%
147 495 000 America del Nord Messico
95%
322 187 000 Africa Nigeria
89%
325 198 000 Asia Pakistan
89%
187 611 000 Africa Etiopia
79%
Nessun quiz corrispondente trovato
Distribuzione punteggi
Percentuale di utenti per punteggio
Percentile per numero di risposta
I tuoi punteggi nel tempo
Non hai fatto questo quiz